000 00212nam a2200097 a 4500
005 20140412111326.0
008 110121s19uu xx 00 eng d
050 _aER
_bOp1
245 _aOpposites.
999 _c104651
_d104651